[Event "ODJM B 2014"]
[Site "Magdeburg GER"]
[Date "2014.06.14"]
[Round "9"]
[White "Henning, Marvin"]
[Black "Silber, Kevin"]
[Result "1/2-1/2"]
[Termination "normal"]
[Board "1"]
[WhiteElo "1569"]
[BlackElo "1522"]
[WhiteClock "01:01:35"]
[BlackClock "00:36:12"]
[PlyCount "53"]
[WhiteFideId "12957399"]
[BlackFideId "12930440"]
[EventCountry "GER"]
[EventRounds "9"]
[EventType "swiss"]
[EventDate "2014.06.07"]

1. e4 e5 2. Nf3 Nc6 3. Bb5 a6 4. Ba4 Nf6 5. d4 exd4 6. e5 Ne4 7. O-O Nc5 8. Bb3
Nxb3 9. axb3 Be7 10. Nxd4 Nxd4 11. Qxd4 O-O 12. Nc3 d6 13. Bf4 dxe5 14. Bxe5
Qxd4 15. Bxd4 Bf5 16. Nd5 Bd6 17. c4 Be6 18. Ne3 Rad8 19. Rfd1 c5 20. Bc3 Bc7
21. b4 cxb4 22. Bxb4 Rxd1+ 23. Rxd1 Rd8 24. Rxd8+ Bxd8 25. b3 f6 26. Kf1 Kf7
27. Ke1 1/2-1/2

[Event "ODJM B 2014"]
[Site "Magdeburg GER"]
[Date "2014.06.14"]
[Round "9"]
[White "Reyher, Susan"]
[Black "Hofele, Mathis"]
[Result "0-1"]
[Termination "normal"]
[Board "2"]
[WhiteElo "1436"]
[BlackElo "1520"]
[WhiteClock "00:13:55"]
[BlackClock "00:22:19"]
[PlyCount "124"]
[WhiteFideId "24686107"]
[BlackFideId "12963844"]
[EventCountry "GER"]
[EventRounds "9"]
[EventType "swiss"]
[EventDate "2014.06.07"]

1. e4 e5 2. Bc4 Nf6 3. d3 Nc6 4. Nc3 Bb4 5. Nge2 d5 6. exd5 Nxd5 7. a3 Bxc3+ 8.
Nxc3 Nxc3 9. bxc3 Qf6 10. Be3 Be6 11. Bb5 Bd5 12. f3 a6 13. c4 axb5 14. cxd5
Ne7 15. c4 bxc4 16. dxc4 Qh4+ 17. g3 Qxc4 18. d6 cxd6 19. Qxd6 Qc3+ 20. Kf2 Nf5
21. Qd2 Qxe3+ 22. Qxe3 Nxe3 23. Kxe3 Ke7 24. Ke4 Ke6 25. Rhb1 Ra4+ 26. Ke3 Rb8
27. Rb3 h5 28. Rab1 Kf5 29. h3 f6 30. Rc3 Rba8 31. Rbb3 Rb8 32. Rb6 Rba8 33.
Rbb3 b5 34. Rd3 Rb8 35. Rd1 Rc8 36. Rdd3 Rc5 37. Rd1 Ke6 38. g4 Rac4 39. Kf2
Rc3 40. Rdb1 Rxb3 41. Rxb3 hxg4 42. hxg4 g6 43. Ke3 f5 44. gxf5+ gxf5 45. Kd3
Kd5 46. Rb4 Kc6 47. Kd2 Rd5+ 48. Ke3 Kc5 49. f4 e4 50. Rb3 Rd3+ 51. Rxd3 exd3
52. Kxd3 Kd5 53. Kc3 Ke4 54. Kb4 Kxf4 55. Kxb5 Ke5 56. a4 f4 57. a5 f3 58. a6
f2 59. Kb6 f1=Q 60. a7 Qf3 61. Kc7 Qa8 62. Kb6 Kd6 0-1

[Event "ODJM B 2014"]
[Site "Magdeburg GER"]
[Date "2014.06.14"]
[Round "9"]
[White "Meyer, Nico"]
[Black "Glaser, Maximilian"]
[Result "1-0"]
[Termination "normal"]
[Board "3"]
[WhiteElo "1486"]
[BlackElo "1397"]
[WhiteClock "00:36:42"]
[BlackClock "01:23:18"]
[PlyCount "45"]
[WhiteFideId "12975257"]
[BlackFideId "12956961"]
[EventCountry "GER"]
[EventRounds "9"]
[EventType "swiss"]
[EventDate "2014.06.07"]

1. e4 d5 2. exd5 Qxd5 3. Nc3 Qa5 4. d4 Nf6 5. Nf3 Bg4 6. h3 Bh5 7. Be2 Nc6 8.
O-O O-O-O 9. Be3 Bxf3 10. Bxf3 Nxd4 11. Bxd4 e5 12. Ne2 exd4 13. c3 Bc5 14. b4
Qa6 15. bxc5 d3 16. Nd4 Qc4 17. Qb3 Qxb3 18. axb3 a6 19. Rfd1 Nd7 20. c6 Nc5
21. b4 Ne6 22. cxb7+ Kd7 23. Nc6 1-0

[Event "ODJM B 2014"]
[Site "Magdeburg GER"]
[Date "2014.06.14"]
[Round "9"]
[White "Friedrich, Robert"]
[Black "Eggert, Daniela"]
[Result "0-1"]
[Termination "normal"]
[Board "4"]
[WhiteElo "1397"]
[BlackElo "1405"]
[WhiteClock "00:54:12"]
[BlackClock "00:29:09"]
[PlyCount "90"]
[WhiteFideId "1271541"]
[BlackFideId "12991490"]
[EventCountry "GER"]
[EventRounds "9"]
[EventType "swiss"]
[EventDate "2014.06.07"]

1. e4 e5 2. Nf3 Nc6 3. Bc4 Bc5 4. c3 Nf6 5. d3 d5 6. exd5 Nxd5 7. O-O O-O 8.
Bb3 Bg4 9. Nbd2 Nf4 10. Ne4 Bb6 11. Bc2 f5 12. Ng3 Kh8 13. h3 Nxh3+ 14. gxh3
Bxh3 15. Re1 Bg4 16. Kg2 Qf6 17. Rh1 f4 18. Ne4 Qg6 19. Nh4 Qh5 20. Qg1 Be2 21.
Rh3 g5 22. Nf3 Bxf3+ 23. Kh2 Qg4 24. Nxg5 Qxg1+ 25. Kxg1 Bd5 26. Rxh7+ Kg8 27.
Bd2 Rf5 28. Rh5 Kg7 29. d4 Kg6 30. Bxf5+ Kxh5 31. Ne4 Rf8 32. c4 Bxc4 33. Bd7
Nxd4 34. Bb4 Rg8+ 35. Kh2 Nf3+ 36. Kh3 Ng5+ 37. Nxg5 Rxg5 38. Be8+ Kh6 39. Rd1
Be6+ 40. Kh2 Bxf2 41. Be7 Rg8 42. Bb5 f3 43. a3 Kg7 44. Bf1 Rh8+ 45. Bh3 Rxh3#
0-1

[Event "ODJM B 2014"]
[Site "Magdeburg GER"]
[Date "2014.06.14"]
[Round "9"]
[White "Grund, Melanie"]
[Black "Schmidt, Alexandra"]
[Result "1-0"]
[Termination "normal"]
[Board "5"]
[WhiteElo "1344"]
[BlackElo "1518"]
[WhiteClock "00:26:15"]
[BlackClock "00:19:27"]
[PlyCount "57"]
[WhiteFideId "12988804"]
[BlackFideId "12946036"]
[EventCountry "GER"]
[EventRounds "9"]
[EventType "swiss"]
[EventDate "2014.06.07"]

1. d4 Nf6 2. e3 g6 3. Bd3 Bg7 4. f4 d6 5. c3 O-O 6. Nf3 Nbd7 7. O-O c5 8. Nbd2
b6 9. Qe1 Bb7 10. Qh4 cxd4 11. exd4 Re8 12. f5 e5 13. dxe5 dxe5 14. fxg6 hxg6
15. Bc4 Bd5 16. Ng5 Bxc4 17. Qxc4 Re7 18. Nde4 Rc8 19. Qb3 Rc6 20. Be3 Qe8 21.
Qa4 Rc7 22. Nd6 Qf8 23. Qh4 Bh6 24. Rae1 Bxg5 25. Bxg5 Re6 26. Bxf6 Nxf6 27.
Rxf6 Qxd6 28. Rxe6 Qxe6 29. Qd8+ 1-0

[Event "ODJM B 2014"]
[Site "Magdeburg GER"]
[Date "2014.06.14"]
[Round "9"]
[White "Thumm, Niklas"]
[Black "Gutschenreiter, Donato"]
[Result "0-1"]
[Termination "normal"]
[Board "6"]
[WhiteElo "1521"]
[BlackElo "1362"]
[WhiteClock "01:04:28"]
[BlackClock "00:57:30"]
[PlyCount "128"]
[WhiteFideId "12918733"]
[BlackFideId "12975540"]
[EventCountry "GER"]
[EventRounds "9"]
[EventType "swiss"]
[EventDate "2014.06.07"]

1. e4 e6 2. d4 d5 3. Nd2 Nf6 4. e5 Nfd7 5. c3 c5 6. Bd3 Nc6 7. Ngf3 Qb6 8. O-O
cxd4 9. cxd4 Nxd4 10. Nxd4 Qxd4 11. Nf3 Qb6 12. Qc2 h6 13. Be3 Bc5 14. Bxc5
Qxc5 15. Rac1 Qxc2 16. Rxc2 O-O 17. Rfc1 a6 18. a4 Re8 19. a5 f6 20. exf6 gxf6
21. Bg6 Rd8 22. Nd4 Nf8 23. Bh5 e5 24. Nb3 Bd7 25. Nc5 Bc6 26. Bg4 d4 27. f3
Rd6 28. Bf5 Rb8 29. Nxa6 bxa6 30. Rxc6 Rxc6 31. Rxc6 Rxb2 32. Rxa6 Ra2 33. Rxf6
Rxa5 34. Rxh6 Ra3 35. Rd6 Kf7 36. h4 Ke7 37. Rd5 Kf6 38. Be4 Ne6 39. h5 Nf4 40.
Rd6+ Ke7 41. h6 Kxd6 42. h7 Ng6 43. Bxg6 Ra8 44. g4 Ke6 45. g5 Rh8 46. Bd3 Kf7
47. Bc4+ Kg7 48. Bd3 Rc8 49. Kf2 Rh8 50. Ke2 Rxh7 51. Bxh7 Kxh7 52. Kd3 Kg6 53.
f4 exf4 54. Kxd4 Kxg5 55. Kd3 Kg4 56. Ke2 Kg3 57. Kf1 Kf3 58. Kg1 Ke2 59. Kh1
f3 60. Kh2 f2 61. Kh1 f1=Q+ 62. Kh2 Qf8 63. Kg3 Qf3+ 64. Kh2 Qg4 0-1

[Event "ODJM B 2014"]
[Site "Magdeburg GER"]
[Date "2014.06.14"]
[Round "9"]
[White "Adelmeyer, Matti"]
[Black "Hoang, Viet Long"]
[Result "0-1"]
[Termination "normal"]
[Board "7"]
[WhiteElo "1316"]
[BlackElo "1459"]
[PlyCount "68"]
[WhiteFideId "12962520"]
[BlackFideId "12964824"]
[EventCountry "GER"]
[EventRounds "9"]
[EventType "swiss"]
[EventDate "2014.06.07"]

1. e4 e5 2. Nf3 Nc6 3. d4 exd4 4. Nxd4 Bc5 5. Be3 Qf6 6. c3 Nge7 7. Bc4 d6 8.
O-O Ne5 9. Nd2 Qg6 10. N4f3 Nxc4 11. Nxc4 Bxe3 12. fxe3 Qxe4 13. Nfd2 Qg6 14.
Qf3 O-O 15. e4 Bg4 16. Qf2 f5 17. Qh4 Qe6 18. Ne3 Ng6 19. Qg3 Ne5 20. h3 Ng6
21. Nxg4 fxg4 22. Qxg4 Qxg4 23. hxg4 Ne5 24. g5 Rxf1+ 25. Rxf1 Rf8 26. Nf3
Nxf3+ 27. gxf3 Re8 28. Kg2 Re5 29. f4 Rxe4 30. Rf2 Kf7 31. Kf3 d5 32. b3 Ke6
33. c4 Kf5 34. Kg3 dxc4 0-1

[Event "ODJM B 2014"]
[Site "Magdeburg GER"]
[Date "2014.06.14"]
[Round "9"]
[White "Hagenbeck-Hübert, Lara"]
[Black "Tham, Minh"]
[Result "1/2-1/2"]
[Termination "normal"]
[Board "8"]
[WhiteElo "1443"]
[BlackElo "1275"]
[PlyCount "135"]
[WhiteFideId "12964484"]
[BlackFideId "12997323"]
[EventCountry "GER"]
[EventRounds "9"]
[EventType "swiss"]
[EventDate "2014.06.07"]

1. d4 Nf6 2. Bf4 e6 3. Nf3 d5 4. e3 c5 5. c3 Bd7 6. Bd3 Nc6 7. h3 Be7 8. Nbd2
O-O 9. O-O Qb6 10. Rb1 Rfe8 11. Ne5 Nxe5 12. dxe5 Ne4 13. Nxe4 dxe4 14. Bxe4
Bb5 15. Re1 Rad8 16. Qh5 g6 17. Qf3 Bc6 18. Bxc6 bxc6 19. e4 Qa6 20. a3 Rd3 21.
Be3 Red8 22. Qg3 Qa4 23. Qg4 h5 24. Qe2 Qxe4 25. Bh6 Qxe2 26. Rxe2 g5 27. f4
gxf4 28. Bxf4 Kh7 29. Rf1 Bh4 30. Kh2 Kg6 31. g3 Be7 32. h4 Re8 33. Rff2 Rd1
34. Rd2 Rd8 35. Rxd8 Rxd8 36. Kh3 Rd1 37. g4 Rh1+ 38. Bh2 hxg4+ 39. Kxg4 Re1
40. h5+ Kg7 41. h6+ Kg6 42. h7 Re4+ 43. Kf3 Rh4 44. Ke2 Rxh7 45. Rg2+ Bg5 46.
Bg1 Rh1 47. Bxc5 Rb1 48. Kd3 Rd1+ 49. Kc2 Re1 50. Bd4 a6 51. a4 Kf5 52. Rf2+
Bf4 53. b4 Ra1 54. Kb2 Re1 55. c4 Ke4 56. Bc3 Bxe5 57. Bxe5 Kxe5 58. Rxf7 Kd6
59. Rf2 e5 60. Rf6+ Kd7 61. b5 cxb5 62. axb5 axb5 63. cxb5 Kc7 64. b6+ Kb7 65.
Re6 e4 66. Kc2 e3 67. Kd3 Rb1 68. Rxe3 1/2-1/2

[Event "ODJM B 2014"]
[Site "Magdeburg GER"]
[Date "2014.06.14"]
[Round "9"]
[White "Wiemann, Daniel"]
[Black "Trömer, Felix"]
[Result "1/2-1/2"]
[Termination "normal"]
[Board "9"]
[WhiteElo "1393"]
[BlackElo "1438"]
[PlyCount "86"]
[WhiteFideId "12942944"]
[BlackFideId "12992879"]
[EventCountry "GER"]
[EventRounds "9"]
[EventType "swiss"]
[EventDate "2014.06.07"]

1. e4 d5 2. exd5 Qxd5 3. Nc3 Qa5 4. d4 c6 5. Bc4 Bf5 6. Bd2 Qc7 7. Qf3 e6 8.
O-O-O Nd7 9. Re1 O-O-O 10. Nge2 Ngf6 11. h3 Nb6 12. Bb3 h6 13. g4 Bg6 14. Bf4
Bd6 15. Bxd6 Qxd6 16. Qf4 Qd7 17. Rd1 Nbd5 18. Bxd5 Nxd5 19. Nxd5 Qxd5 20. Nc3
Qa5 21. Qe5 Qxe5 22. dxe5 Rxd1+ 23. Rxd1 Rd8 24. Rxd8+ Kxd8 25. h4 h5 26. g5
Bf5 27. f4 Ke7 28. Kd2 f6 29. gxf6+ gxf6 30. exf6+ Kxf6 31. Ne2 Bg4 32. Ke3 e5
33. fxe5+ Kxe5 34. Ng3 b6 35. c3 a6 36. c4 b5 37. cxb5 cxb5 38. b4 Bd1 39. a3
Bg4 40. Ne4 Bf5 41. Nc5 Bc8 42. Ne4 Bf5 43. Nc5 Bc8 1/2-1/2

[Event "ODJM B 2014"]
[Site "Magdeburg GER"]
[Date "2014.06.14"]
[Round "9"]
[White "Kostanyan, Hakob"]
[Black "Rose, Luis Stratos"]
[Result "0-1"]
[Termination "normal"]
[Board "12"]
[WhiteElo "1178"]
[BlackElo "1392"]
[PlyCount "78"]
[WhiteFideId "12977683"]
[BlackFideId "12976008"]
[EventCountry "GER"]
[EventRounds "9"]
[EventType "swiss"]
[EventDate "2014.06.07"]

1. e4 g6 2. d4 Bg7 3. Nc3 d6 4. Be3 Nf6 5. Be2 O-O 6. Nf3 Nc6 7. Qd2 e5 8.
O-O-O a6 9. Rdg1 b5 10. Bg5 Qe8 11. h4 b4 12. Nd5 Nxd5 13. exd5 Nxd4 14. Nxd4
exd4 15. h5 Qe5 16. Bf3 d3 17. c3 bxc3 18. bxc3 Qxc3+ 19. Qxc3 Bxc3 20. hxg6
fxg6 21. Rh2 Be5 22. g3 Rxf3 23. Rgh1 Rf7 24. f4 Bd4 25. Kd2 Bf5 26. Rh4 Be4
27. Re1 Bxd5 28. f5 Bf6 29. Bxf6 Rxf6 30. fxg6 Rxg6 31. Rh5 Bxa2 32. Ra5 Rxg3
33. Rh1 Rb8 34. Rah5 Rb2+ 35. Kc3 Rb3+ 36. Kd2 Rg2+ 37. Ke3 d2+ 38. Kd4 Rg4+
39. Kd5 Rc3# 0-1

[Event "ODJM B 2014"]
[Site "Magdeburg GER"]
[Date "2014.06.14"]
[Round "9"]
[White "Tamrazyan, Gohar"]
[Black "Lommel, Hagen"]
[Result "1-0"]
[Termination "normal"]
[Board "13"]
[WhiteElo "1483"]
[BlackElo "1209"]
[PlyCount "85"]
[WhiteFideId "1330799"]
[BlackFideId "12972380"]
[EventCountry "GER"]
[EventRounds "9"]
[EventType "swiss"]
[EventDate "2014.06.07"]

1. d4 d5 2. c4 e5 3. dxe5 d4 4. Nf3 Nc6 5. b3 Bf5 6. Bb2 Bb4+ 7. Nbd2 Bc3 8.
Qc1 Bxb2 9. Qxb2 Nge7 10. g3 Ng6 11. Bg2 Rb8 12. b4 Ncxe5 13. Nxd4 Be6 14. Nxe6
fxe6 15. Be4 O-O 16. h4 Qf6 17. O-O-O Ng4 18. Qxf6 Rxf6 19. Bxg6 Rxg6 20. Rdf1
Rf6 21. f3 Ne3 22. Rfg1 Rd8 23. Ne4 Rf7 24. c5 Rd4 25. a3 Nc4 26. Ng5 Rf6 27.
Rd1 Rxd1+ 28. Rxd1 g6 29. Rd8+ Kg7 30. Rd7+ Kg8 31. Rxh7 Nxa3 32. Rxc7 b6 33.
Rxa7 Nc4 34. c6 Rf8 35. c7 Rc8 36. Nxe6 Kf7 37. Nf4 Nd6 38. Nd5 Nb5 39. Rb7 Ke6
40. e4 Kd7 41. Nxb6+ Kc6 42. Nxc8 Kxb7 43. Ne7 1-0

[Event "ODJM B 2014"]
[Site "Magdeburg GER"]
[Date "2014.06.14"]
[Round "9"]
[White "Bajorski, Marius"]
[Black "Matuschak, Henry"]
[Result "0-1"]
[Termination "normal"]
[Board "14"]
[WhiteElo "1807"]
[BlackElo "1153"]
[PlyCount "114"]
[WhiteFideId "12938831"]
[EventCountry "GER"]
[EventRounds "9"]
[EventType "swiss"]
[EventDate "2014.06.07"]

1. e4 e5 2. Nf3 Nc6 3. Bb5 a6 4. Ba4 Nf6 5. d3 Bc5 6. c3 O-O 7. O-O d6 8. Nbd2
Bg4 9. Re1 b5 10. Bb3 Bh5 11. h3 Re8 12. Nf1 h6 13. Ng3 Bg6 14. d4 exd4 15.
cxd4 Bb6 16. e5 dxe5 17. dxe5 Qxd1 18. Bxd1 Rad8 19. Bxh6 gxh6 20. exf6 Rxe1+
21. Nxe1 Rd2 22. Nh1 Rxb2 23. a4 Rb4 24. axb5 axb5 25. Nc2 Rf4 26. Ne3 Rxf6 27.
Ng4 Rd6 28. Nxh6+ Kg7 29. Ng4 Bh5 30. Ng3 Bxg4 31. Bxg4 Rg6 32. Bf5 Rxg3 33.
Ra6 Rc3 34. Ra1 Ne5 35. Rd1 c6 36. Kf1 Nc4 37. h4 Ne5 38. h5 Kh6 39. g4 f6 40.
Rd6 Kg5 41. f4+ Kxf4 42. Rxf6 Nxg4 43. Bxg4+ Kxg4 44. h6 Rf3+ 45. Rxf3 Kxf3 46.
h7 Bd4 47. Ke1 Ke3 48. Kd1 Kd3 49. Kc1 Kc3 50. Kb1 b4 51. Ka2 b3+ 52. Kb1 b2
53. h8=Q Bxh8 54. Ka2 Kc2 55. Ka3 b1=Q 56. Ka4 Kc3 57. Ka5 Qb5# 0-1

[Event "ODJM B 2014"]
[Site "Magdeburg GER"]
[Date "2014.06.14"]
[Round "9"]
[White "Jäger, Gustav"]
[Black "Kornitzky, Tino"]
[Result "0-1"]
[Termination "normal"]
[Board "15"]
[WhiteElo "1152"]
[BlackElo "1386"]
[PlyCount "46"]
[WhiteFideId "12957364"]
[BlackFideId "12970379"]
[EventCountry "GER"]
[EventRounds "9"]
[EventType "swiss"]
[EventDate "2014.06.07"]

1. e4 e6 2. d4 d5 3. exd5 exd5 4. Nc3 Nf6 5. Bg5 Bf5 6. Bxf6 gxf6 7. Qf3 Be6 8.
Bd3 Nc6 9. Nge2 Bd6 10. Nxd5 Bxd5 11. Qxd5 Bb4+ 12. Nc3 Bxc3+ 13. bxc3 Qxd5 14.
O-O O-O-O 15. Rfe1 Rhg8 16. Be4 Qg5 17. Rab1 Rde8 18. Bf3 Qf5 19. Rec1 Qxf3 20.
g3 Re2 21. Rf1 h5 22. h4 Rxg3+ 23. Kh2 Qg2# 0-1

[Event "ODJM B 2014"]
[Site "Magdeburg GER"]
[Date "2014.06.14"]
[Round "9"]
[White "Alcer, Johanna"]
[Black "Manco, Michela"]
[Result "1/2-1/2"]
[Termination "normal"]
[Board "16"]
[WhiteElo "1110"]
[BlackElo "1541"]
[PlyCount "80"]
[WhiteFideId "12964450"]
[BlackFideId "12943908"]
[EventCountry "GER"]
[EventRounds "9"]
[EventType "swiss"]
[EventDate "2014.06.07"]

1. e4 e5 2. Nf3 Nc6 3. Bc4 Bc5 4. c3 Nf6 5. d3 d6 6. O-O Ne7 7. Re1 Ng6 8. b4
Bb6 9. a4 a6 10. Nbd2 O-O 11. Nf1 Bg4 12. Be3 Ba7 13. Bxa7 Rxa7 14. Ne3 Be6 15.
Bb3 Qd7 16. Ng5 Bxb3 17. Qxb3 h6 18. Nf3 Raa8 19. Nd5 Qe6 20. c4 Nxd5 21. cxd5
Qd7 22. Qc4 Ne7 23. d4 Ng6 24. Rec1 Rfc8 25. b5 a5 26. Qc3 f6 27. Qb3 Kh7 28.
h3 b6 29. Rc3 Ra7 30. Rac1 Rb7 31. Kh2 Ra7 32. g4 Nf4 33. R3c2 g5 34. Kg3 Rb7
35. Qe3 Kg7 36. Ne1 Kh7 37. Nd3 Ng6 38. f3 Kg7 39. Qf2 Kh7 40. Rc6 Kg7 1/2-1/2

[Event "ODJM B 2014"]
[Site "Magdeburg GER"]
[Date "2014.06.14"]
[Round "9"]
[White "Biermann, Florian"]
[Black "von Schoenebeck, Konstantin"]
[Result "1-0"]
[Termination "normal"]
[Board "17"]
[WhiteElo "1725"]
[BlackElo "1023"]
[PlyCount "125"]
[WhiteFideId "12970069"]
[BlackFideId "12977349"]
[EventCountry "GER"]
[EventRounds "9"]
[EventType "swiss"]
[EventDate "2014.06.07"]

1. c4 Nf6 2. Nc3 g6 3. g3 Bg7 4. Bg2 O-O 5. Nf3 d6 6. O-O Nc6 7. d3 e5 8. h3
Re8 9. Qc2 Nd4 10. Nxd4 exd4 11. Nb5 Nd7 12. Bd2 a6 13. Na3 c6 14. e3 Nc5 15.
exd4 Bxd4 16. Bc3 Qf6 17. Bxd4 Qxd4 18. b4 Nxd3 19. Rad1 Bf5 20. Qb3 Re2 21.
Nc2 Qb2 22. Qxb2 Nxb2 23. Nd4 Nxd1 24. Nxe2 Re8 25. Nf4 Nc3 26. g4 Be4 27. Re1
Kf8 28. Re3 Bxg2 29. Rxc3 Be4 30. Kh2 b5 31. cxb5 cxb5 32. f3 Bb7 33. Kg3 Rd8
34. Rc7 Bc8 35. Nd5 Be6 36. Nc3 d5 37. a4 d4 38. axb5 dxc3 39. bxa6 Ra8 40. b5
c2 41. Rxc2 Ke8 42. b6 Rxa6 43. b7 Rb6 44. Rc8+ Ke7 45. b8=Q Rxb8 46. Rxb8 Kf6
47. f4 h6 48. h4 g5 49. fxg5+ hxg5 50. h5 Kg7 51. Rb6 Kh6 52. Kf3 Kg7 53. Rd6
Bxg4+ 54. Kxg4 Kh7 55. Kxg5 Kg7 56. h6+ Kh7 57. Rf6 Kg8 58. h7+ Kh8 59. Rf1
Kxh7 60. Rxf7+ Kh8 61. Kg6 Kg8 62. Rf1 Kh8 63. Rf8# 1-0

[Event "ODJM B 2014"]
[Site "Magdeburg GER"]
[Date "2014.06.14"]
[Round "9"]
[White "Breß, Aaron"]
[Black "Hostmann, Hannes"]
[Result "1/2-1/2"]
[Termination "normal"]
[Board "18"]
[WhiteElo "1364"]
[BlackElo "1081"]
[PlyCount "78"]
[WhiteFideId "12996432"]
[BlackFideId "16277619"]
[EventCountry "GER"]
[EventRounds "9"]
[EventType "swiss"]
[EventDate "2014.06.07"]

1. e4 e5 2. Nf3 Nc6 3. Bb5 Bc5 4. O-O Nf6 5. c3 O-O 6. d4 exd4 7. cxd4 Bb4 8.
Bg5 Re8 9. e5 Bf8 10. exf6 gxf6 11. Be3 Bg7 12. Nh4 Ne7 13. Qd3 c6 14. Ba4 d5
15. Bc2 Ng6 16. Nxg6 fxg6 17. Nc3 Bf5 18. Qd2 Bxc2 19. Qxc2 Qc7 20. Qd2 Re6 21.
Bf4 Qf7 22. Rfe1 b6 23. Rxe6 Qxe6 24. Re1 Qf7 25. Qe3 f5 26. h3 Qd7 27. Qe6+
Qxe6 28. Rxe6 Rc8 29. Ne2 Kf7 30. Re3 c5 31. dxc5 bxc5 32. b3 c4 33. bxc4 dxc4
34. Nc3 Rc6 35. Be5 Bf8 36. Kf1 Bc5 37. Re2 Bb4 38. Rb2 a5 39. f4 Ke6 1/2-1/2

[Event "ODJM B 2014"]
[Site "Magdeburg GER"]
[Date "2014.06.14"]
[Round "9"]
[White "Yi, Wendy"]
[Black "Triantafillidis, Simeon"]
[Result "1/2-1/2"]
[Termination "normal"]
[Board "19"]
[WhiteElo "1159"]
[BlackElo "1361"]
[PlyCount "65"]
[WhiteFideId "16224850"]
[BlackFideId "12953113"]
[EventCountry "GER"]
[EventRounds "9"]
[EventType "swiss"]
[EventDate "2014.06.07"]

1. e4 e5 2. Nf3 Nf6 3. Nc3 Nc6 4. Bc4 Nxe4 5. Nxe4 d5 6. Bxd5 Qxd5 7. d3 f5 8.
Nc3 Qd8 9. O-O Bd6 10. Re1 O-O 11. Nd5 Be6 12. Nf4 Bf7 13. Ne2 e4 14. Bg5 Be7
15. Bxe7 Qxe7 16. dxe4 fxe4 17. Ng3 Qf6 18. Nxe4 Qxb2 19. Nc5 Rad8 20. Nd3 Qb5
21. Qd2 Bg6 22. Rab1 Qa6 23. Nc5 Qxa2 24. Qc3 Rde8 25. Red1 Qxc2 26. Rbc1 Qxc3
27. Rxc3 Rb8 28. Rdc1 Rfd8 29. Ng5 b5 30. Nce6 b4 31. Rxc6 b3 32. Rxc7 b2 33.
Nxd8 1/2-1/2

[Event "ODJM B 2014"]
[Site "Magdeburg GER"]
[Date "2014.06.14"]
[Round "9"]
[White "Grey, Andrea"]
[Black "Maar, Felicitas"]
[Result "1/2-1/2"]
[Termination "normal"]
[Board "20"]
[WhiteElo "1205"]
[BlackElo "1087"]
[PlyCount "83"]
[WhiteFideId "12971880"]
[BlackFideId "12952648"]
[EventCountry "GER"]
[EventRounds "9"]
[EventType "swiss"]
[EventDate "2014.06.07"]

1. c4 c5 2. Nc3 g6 3. g3 Bg7 4. Bg2 e6 5. e4 Ne7 6. Nge2 O-O 7. O-O Nbc6 8. d3
d6 9. Be3 e5 10. f4 exf4 11. Bxf4 Bg4 12. Qd2 Qd7 13. Nb5 Nc8 14. a3 a6 15.
Nbc3 Re8 16. Nd5 Ne5 17. Bh6 Bh8 18. Nf6+ Bxf6 19. Rxf6 Bh3 20. Rd1 Bxg2 21.
Kxg2 Ng4 22. Qg5 Re5 23. Rf5 Nxh6 24. Rxe5 dxe5 25. Qxh6 Nb6 26. Nc3 Rd8 27.
Nd5 Nxd5 28. cxd5 Qa4 29. Rd2 c4 30. dxc4 Qxc4 31. Qe3 Rd6 32. Qc3 Qxe4+ 33.
Qf3 Qxf3+ 34. Kxf3 f5 35. b4 h6 36. Ke3 b5 37. h3 g5 38. g4 f4+ 39. Ke4 Kf7 40.
Kxe5 Ke7 41. Rd3 Kd7 42. Rd2 1/2-1/2

[Event "ODJM B 2014"]
[Site "Magdeburg GER"]
[Date "2014.06.14"]
[Round "9"]
[White "Wernecke, Tim"]
[Black "Kleine, Jakob"]
[Result "0-1"]
[Termination "normal"]
[Board "21"]
[WhiteElo "990"]
[BlackElo "1198"]
[PlyCount "102"]
[WhiteFideId "12997137"]
[BlackFideId "12979821"]
[EventCountry "GER"]
[EventRounds "9"]
[EventType "swiss"]
[EventDate "2014.06.07"]

1. e4 e5 2. Nf3 Nc6 3. Bc4 Bc5 4. c3 Nf6 5. d4 exd4 6. e5 d5 7. Bb5 Nd7 8. cxd4
Bb4+ 9. Nc3 O-O 10. O-O Bxc3 11. bxc3 Nb6 12. Re1 Bg4 13. Qd3 Ne7 14. Bg5 c6
15. Nh4 cxb5 16. f4 h6 17. Bxe7 Qxe7 18. f5 Qxh4 19. h3 Bh5 20. g4 Bxg4 21.
hxg4 Qxg4+ 22. Kf1 Nc4 23. Reb1 a6 24. Kf2 Qf4+ 25. Kg2 Qe4+ 26. Qxe4 dxe4 27.
Kh3 Ne3 28. Rg1 Nxf5 29. Raf1 Ne3 30. Rf6 Kh7 31. Rf4 Nd5 32. Rh4 Nxc3 33. Kg4
Rad8 34. Kf5 Rxd4 35. Rhg4 Rg8 36. e6 fxe6+ 37. Kxe6 Rdd8 38. Kf7 Rdf8+ 39. Ke7
e3 40. Rg6 e2 41. Re6 Re8+ 42. Kf7 Rxe6 43. Kxe6 e1=Q+ 44. Rxe1 Re8+ 45. Kf7
Rxe1 46. Kf8 g5 47. Kf7 g4 48. a3 g3 49. a4 g2 50. axb5 g1=R 51. bxa6 Rgf1# 0-1

[Event "ODJM B 2014"]
[Site "Magdeburg GER"]
[Date "2014.06.14"]
[Round "9"]
[White "Petri, Ben-Luca"]
[Black "Müdder, Melanie"]
[Result "0-1"]
[Termination "normal"]
[Board "23"]
[WhiteElo "1394"]
[BlackElo "1098"]
[PlyCount "70"]
[WhiteFideId "12947261"]
[BlackFideId "12994103"]
[EventCountry "GER"]
[EventRounds "9"]
[EventType "swiss"]
[EventDate "2014.06.07"]

1. e4 e5 2. Bc4 Nf6 3. Nf3 Nxe4 4. Nc3 Nc6 5. Bxf7+ Kxf7 6. Nxe4 Be7 7. d3 Rf8
8. Nfg5+ Kg8 9. h4 d5 10. Nc3 h6 11. Nf3 Bg4 12. h5 Nd4 13. Rh2 Bxf3 14. gxf3
Nxf3+ 15. Kf1 Nxh2+ 16. Kg2 e4 17. Kxh2 Rxf2+ 18. Kh1 Qf8 19. Be3 Qf3+ 20. Qxf3
Rxf3 21. Nxd5 Bd6 22. Bd2 c6 23. Ne3 Bf4 24. Nc4 e3 25. Bc3 e2 26. Kg2 Rg3+ 27.
Kf2 Re8 28. Be1 Rh3 29. Kg2 Rh2+ 30. Kf3 Rf8 31. Kg4 Rg2+ 32. Kh3 Rg1 33. a3
Bc7 34. Ne3 Rf3+ 35. Kh4 Bd8# 0-1

[Event "ODJM B 2014"]
[Site "Magdeburg GER"]
[Date "2014.06.14"]
[Round "9"]
[White "Kalina, Joshua"]
[Black "Grothe, Pascal"]
[Result "1/2-1/2"]
[Termination "normal"]
[Board "24"]
[WhiteElo "1090"]
[BlackElo "1236"]
[PlyCount "92"]
[EventCountry "GER"]
[EventRounds "9"]
[EventType "swiss"]
[EventDate "2014.06.07"]

1. e4 e5 2. Nf3 Nc6 3. d4 exd4 4. Nxd4 Nf6 5. Nxc6 dxc6 6. Qxd8+ Kxd8 7. Nc3
Bd6 8. Bd3 Be6 9. O-O Ke7 10. Re1 Bc5 11. Bg5 h6 12. Bf4 Rac8 13. Rad1 Ng4 14.
Re2 Bxf2+ 15. Rxf2 Nxf2 16. Kxf2 g5 17. Be3 b6 18. Ne2 Rcd8 19. Nd4 Rd6 20.
Nf5+ Bxf5 21. exf5 Re8 22. g4 f6 23. Re1 Kf7 24. Bc4+ Kg7 25. h3 a5 26. Be6
Red8 27. Kf3 c5 28. Re2 Rd1 29. Kf2 Rh1 30. Kg2 Rhd1 31. Kg3 Rh1 32. Rh2 Rxh2
33. Kxh2 Kf8 34. Kg3 Ke7 35. h4 Kd6 36. hxg5 hxg5 37. c4 Ke5 38. Bd5 Rh8 39.
Bd2 Rh6 40. Bc3+ Kd6 41. a4 Ke7 42. Be6 Rh1 43. Bd5 Rd1 44. Bc6 Rd6 45. Bd5 c6
46. Be6 Rd1 1/2-1/2